00427nam a2200145Ia 4500008004100000041000900041082001700050100002400067245002800091260003500119300000800154650000800162999001700170952009400187230718s9999 xx 000 0 und d aEng. a29154bKHA-T aKhan, Muni's Ahmad  4aThe Protection of women aPakistanbImran law boodc2008 a311 aLaw c26590d26590 00104070aSIRC-LbSIRC-Ld2023-07-18l0o29154 KHA-Tp21542r2023-07-18w2023-07-18yBK